Избранное: Рассказы, очерки, афоризмы

Bibliografiske detaljer
Hovedforfatter: Чапек К. Карел
Andre forfattere: Шабловская И. В. (автор предисловия)
Sprog:russisk
Udgivet: Минск, Изд-во Белорусского ГУ, 1982
Fag:
Format: MixedMaterials Bog
KOHA link:https://koha.lib.tpu.ru/cgi-bin/koha/opac-detail.pl?biblionumber=130703

MARC

LEADER 00000nam0a2200000 4500
001 130703
005 20260121162256.0
035 |a (RuTPU)RU\TPU\book\141571 
090 |a 130703 
100 |a 20080207d1982 m a0rusy5003 ca 
101 1 |a rus  |c cze 
102 |a BY 
105 |a a z 000ay 
200 1 |a Избранное  |e Рассказы, очерки, афоризмы  |f К. Чапек  |g авт. предисл. и сост. И. В. Шабловская 
210 |a Минск  |c Изд-во Белорусского ГУ  |d 1982 
215 |a 382 с.  |c ил.  |d 22 см. 
606 |a Чешская литература  |9 88014 
610 1 |a художественная литература 
610 1 |a рассказы 
610 1 |a очерки 
610 1 |a афоризмы 
675 |a 885  |v 4 
700 1 |a Чапек  |b К.  |c чешский писатель-сатирик  |f 1880-1938  |g Карел  |3 (RuTPU)RU\TPU\pers\17083  |9 6223 
702 1 |a Шабловская  |b И. В.  |4 080 
801 0 |a RU  |b RuMRKP  |c 19950704  |g psbo 
801 1 |a RU  |b 63413507  |c 20080207  |g PSBO 
801 2 |a RU  |b 63413507  |c 20110622  |g PSBO 
942 |c BK